[Event "Qatar Masters Open 2014"]
[Site "Doha QAT"]
[Date "2014.11.30"]
[Round "5.74"]
[White "Zhu, Chen"]
[Black "Tabatabaei, M.Amin"]
[Result "0-1"]
[WhiteElo "2447"]
[BlackElo "2353"]
[PlyCount "80"]
[EventDate "2014.11.26"]
[EventType "swiss"]
[EventRounds "9"]
[EventCountry "QAT"]
[Source "lmi"]
[SourceDate "2014.11.26"]

1. d4 Nf6 2. c4 e6 3. Nf3 Bb4+ 4. Bd2 a5 5. a3 Bxd2+ 6. Qxd2 d6 7. Nc3 O-O 8.
Rg1 b6 9. g4 Bb7 10. Qf4 Nc6 11. g5 Nd7 12. O-O-O a4 13. Qh4 Ne7 14. e4 Ng6 15.
Qg3 e5 16. dxe5 Ngxe5 17. Nxe5 Nxe5 18. f4 Nd7 19. Bd3 Nc5 20. Qh4 Re8 21. f5
g6 22. Qh6 Re5 23. Rg4 Qf8 24. Qh3 Qe7 25. Bc2 Re8 26. Qh6 Qf8 27. Qh4 Qe7 28.
Rf4 Qf8 29. Rdf1 R8e7 30. R1f3 gxf5 31. Rh3 Qg7 32. exf5 Re1+ 33. Nd1 Nb3+ 34.
Bxb3 axb3 35. f6 Qg6 36. Qxh7+ Qxh7 37. Rxh7 R7e2 38. Rg7+ Kf8 39. Rd4 Rc2+ 40.
Kb1 Be4 0-1

[Event "Qatar Masters Open 2014"]
[Site "Doha QAT"]
[Date "2014.11.30"]
[Round "5.75"]
[White "Khademalsharieh, Sarasadat"]
[Black "Kanter, Eduard"]
[Result "1-0"]
[WhiteElo "2378"]
[BlackElo "2394"]
[PlyCount "81"]
[EventDate "2014.11.26"]
[EventType "swiss"]
[EventRounds "9"]
[EventCountry "QAT"]
[Source "lmi"]
[SourceDate "2014.11.26"]

1. d4 Nf6 2. Nf3 e6 3. c4 Bb4+ 4. Nbd2 O-O 5. a3 Be7 6. e4 d6 7. Bd3 e5 8. d5
a5 9. b3 Nbd7 10. O-O Nc5 11. Bc2 g6 12. Rb1 Nh5 13. b4 axb4 14. axb4 Na6 15.
Ne1 Nf4 16. Ndf3 Nh5 17. Be3 Ng7 18. b5 Nb8 19. c5 Nd7 20. c6 bxc6 21. dxc6 Nf6
22. h3 d5 23. Nxe5 Nxe4 24. Bd4 Nf5 25. Bb2 Rb8 26. Bd3 Bc5 27. Ng4 h5 28. Bxe4
hxg4 29. Bxf5 Bxf5 30. Nd3 Bd6 31. hxg4 Qh4 32. f4 Be4 33. Be5 Qg3 34. Rf3 Bxf3
35. Qxf3 Qxf3 36. gxf3 Rfd8 37. Bd4 Ra8 38. Kg2 Ra5 39. Bf6 Ra2+ 40. Kg3 g5 41.
Rh1 1-0

[Event "Qatar Masters Open 2014"]
[Site "Doha QAT"]
[Date "2014.11.30"]
[Round "5.76"]
[White "Ni, Shiqun"]
[Black "Guramishvili, Sopiko"]
[Result "1/2-1/2"]
[WhiteElo "2262"]
[BlackElo "2388"]
[PlyCount "82"]
[EventDate "2014.11.26"]
[EventType "swiss"]
[EventRounds "9"]
[EventCountry "QAT"]
[Source "lmi"]
[SourceDate "2014.11.26"]

1. e4 c5 2. Nf3 d6 3. Bb5+ Nd7 4. d4 cxd4 5. Qxd4 a6 6. Bxd7+ Bxd7 7. O-O Rc8
8. c4 e5 9. Qd3 b5 10. Na3 Qb6 11. Be3 Qb7 12. Rfe1 h6 13. cxb5 axb5 14. Bd2
Nf6 15. Bb4 Bc6 16. Rac1 Be7 17. Nxb5 O-O 18. Nxd6 Bxd6 19. Bxd6 Rfd8 20. Qa3
Ra8 21. Qb4 Rxa2 22. Nxe5 Rxb2 23. Nxc6 Rxb4 24. Nxd8 Qb5 25. Bxb4 Qxb4 26. Nc6
Qb2 27. f3 Kh7 28. Ne7 Nd7 29. Nf5 Ne5 30. Rcd1 Ng6 31. Rf1 Nf4 32. Rf2 Qb6 33.
Nd4 Nd3 34. Rfd2 Qxd4+ 35. Kf1 Qe5 36. Rxd3 Qxh2 37. Rd7 f6 38. R1d5 Qh1+ 39.
Kf2 Qh4+ 40. Kf1 Qh1+ 41. Kf2 Qh4+ 1/2-1/2

[Event "Qatar Masters Open 2014"]
[Site "Doha QAT"]
[Date "2014.11.30"]
[Round "5.77"]
[White "Lammers, Markus"]
[Black "Zhai, Mo"]
[Result "0-1"]
[WhiteElo "2327"]
[BlackElo "2325"]
[PlyCount "68"]
[EventDate "2014.11.26"]
[EventType "swiss"]
[EventRounds "9"]
[EventCountry "QAT"]
[Source "lmi"]
[SourceDate "2014.11.26"]

1. d4 Nf6 2. c4 e6 3. Nf3 d5 4. e3 Be7 5. b3 O-O 6. Bd3 b6 7. O-O Bb7 8. Bb2
dxc4 9. bxc4 c5 10. Nc3 cxd4 11. exd4 Nc6 12. a3 Rc8 13. Re1 h6 14. d5 Na5 15.
dxe6 Bxf3 16. Qxf3 Nxc4 17. Bxc4 Rxc4 18. Rad1 Qc8 19. Nd5 Nxd5 20. Qxd5 f6 21.
h3 Rd8 22. Qh5 Rxd1 23. Qf7+ Kh7 24. Rxd1 Rc7 25. Re1 Qd8 26. Qh5 Qd3 27. f4
Rc2 28. f5 Qg3 29. Re2 Bc5+ 30. Kf1 Qf4+ 31. Qf3 Qc4 32. Qg4 Qd3 33. Qe4 Qd1+
34. Re1 Rf2+ 0-1

[Event "Qatar Masters Open 2014"]
[Site "Doha QAT"]
[Date "2014.12.01"]
[Round "6.2"]
[White "Kramnik, Vladimir"]
[Black "Sjugirov, Sanan"]
[Result "1-0"]
[WhiteElo "2760"]
[BlackElo "2673"]
[PlyCount "49"]
[EventDate "2014.11.26"]
[EventType "swiss"]
[EventRounds "9"]
[EventCountry "QAT"]
[Source "lmi"]
[SourceDate "2014.11.26"]

1. Nf3 Nf6 2. g3 d5 3. Bg2 c6 4. d3 Bg4 5. O-O Nbd7 6. Qe1 e5 7. e4 Bd6 8. h3
Bh5 9. Nh4 O-O 10. g4 Bg6 11. g5 Nh5 12. exd5 cxd5 13. Nxg6 hxg6 14. Bxd5 Nf4
15. Bxf4 exf4 16. h4 Qc8 17. Qe4 Qxc2 18. Nc3 Qxb2 19. Qxg6 Bc5 20. Ne4 Qe5 21.
Bb3 Bxf2+ 22. Nxf2 f3 23. Ne4 Qd4+ 24. Kh1 Qb2 25. Nf6+ 1-0

[Event "Qatar Masters Open 2014"]
[Site "Doha QAT"]
[Date "2014.12.01"]
[Round "6.3"]
[White "Tomashevsky, Evgeny"]
[Black "Perunovic, Milos"]
[Result "1/2-1/2"]
[WhiteElo "2714"]
[BlackElo "2619"]
[PlyCount "65"]
[EventDate "2014.11.26"]
[EventType "swiss"]
[EventRounds "9"]
[EventCountry "QAT"]
[Source "lmi"]
[SourceDate "2014.11.26"]

1. d4 Nf6 2. c4 c5 3. d5 b5 4. cxb5 a6 5. bxa6 g6 6. Nc3 Bg7 7. e4 O-O 8. Nf3
Qa5 9. Bd2 Bxa6 10. Be2 d6 11. O-O Bxe2 12. Qxe2 Qa6 13. Qd1 Nbd7 14. Qc2 Rfb8
15. a4 Ne8 16. Ra3 Nc7 17. Rb1 Nb6 18. b3 Qc8 19. a5 Nd7 20. Ra4 Na6 21. Nd1
Nb4 22. Qc4 Qd8 23. Bxb4 cxb4 24. Rxb4 Rc8 25. Qe2 Rxa5 26. Ne3 Rca8 27. Rc4
Nc5 28. b4 Ra2 29. Qf1 Na4 30. Rbc1 Bb2 31. Re1 Bc3 32. Rc1 Bb2 33. Re1 1/2-1/2

[Event "Qatar Masters Open 2014"]
[Site "Doha QAT"]
[Date "2014.12.01"]
[Round "6.4"]
[White "Salem, A.R. Saleh"]
[Black "Kryvoruchko, Yuriy"]
[Result "1/2-1/2"]
[WhiteElo "2586"]
[BlackElo "2706"]
[PlyCount "92"]
[EventDate "2014.11.26"]
[EventType "swiss"]
[EventRounds "9"]
[EventCountry "QAT"]
[Source "lmi"]
[SourceDate "2014.11.26"]

1. d4 Nf6 2. c4 e6 3. Nf3 b6 4. Nc3 Bb4 5. e3 Bb7 6. Bd3 O-O 7. O-O d5 8. cxd5
exd5 9. a3 Bd6 10. b4 Nbd7 11. Qb3 a6 12. a4 Qe7 13. Rb1 Rfe8 14. b5 axb5 15.
axb5 Qe6 16. Bb2 Ne4 17. Rbd1 Ndf6 18. Ne2 Ng4 19. h3 Ngxf2 20. Rxf2 Nxf2 21.
Kxf2 Qxe3+ 22. Kf1 Qe7 23. Bc1 c5 24. bxc6 Bxc6 25. Qb1 h6 26. Kg1 b5 27. Rf1
b4 28. Nf4 Rab8 29. Rf2 b3 30. Ba3 Bxa3 31. Ne5 g6 32. Nfxg6 fxg6 33. Bxg6 Rf8
34. Bf7+ Rxf7 35. Rxf7 Qxf7 36. Nxf7 b2 37. Nxh6+ Kh8 38. Nf7+ Kg7 39. Ng5 Be8
40. Qh7+ Kf6 41. Qh8+ Kxg5 42. Qe5+ Kh6 43. Qxb8 Bg6 44. Qh8+ Bh7 45. Qf6+ Bg6
46. Qh8+ Bh7 1/2-1/2

[Event "Qatar Masters Open 2014"]
[Site "Doha QAT"]
[Date "2014.12.01"]
[Round "6.10"]
[White "Eljanov, Pavel"]
[Black "Volokitin, Andrei"]
[Result "1/2-1/2"]
[WhiteElo "2719"]
[BlackElo "2627"]
[PlyCount "104"]
[EventDate "2014.11.26"]
[EventType "swiss"]
[EventRounds "9"]
[EventCountry "QAT"]
[Source "lmi"]
[SourceDate "2014.11.26"]

1. d4 Nf6 2. c4 g6 3. g3 c6 4. Nf3 d5 5. Qb3 Bg7 6. Bg2 O-O 7. O-O Qb6 8. Nc3
Rd8 9. h3 Bf5 10. c5 Qxb3 11. axb3 Be4 12. b4 Bxf3 13. exf3 Nfd7 14. Rd1 e5 15.
Bg5 f6 16. Be3 exd4 17. Bxd4 Na6 18. Nxd5 cxd5 19. c6 Nxb4 20. cxd7 Rxd7 21. f4
Nc6 22. f5 a6 23. Bb6 d4 24. Rac1 gxf5 25. Rc5 f4 26. Rd5 Rxd5 27. Bxd5+ Kh8
28. g4 Re8 29. Kg2 Re5 30. Bxc6 bxc6 31. Rxd4 h5 32. Rxf4 hxg4 33. hxg4 Kh7 34.
Bd4 Rg5 35. Kf3 Kg6 36. Bc3 Rb5 37. Rc4 c5 38. Ke4 f5+ 39. gxf5+ Kf7 40. Kd5
Bd4 41. Ra4 Rb3 42. Kc4 Rb6 43. Bxd4 cxd4 44. b4 Rd6 45. Ra3 Kf6 46. Kc5 Rd8
47. Rxa6+ Kxf5 48. Kc4 d3 49. Ra1 d2 50. Rd1 Ke4 51. Kc3 Rd3+ 52. Kc2 Rd4
1/2-1/2

[Event "Qatar Masters Open 2014"]
[Site "Doha QAT"]
[Date "2014.12.01"]
[Round "6.11"]
[White "Moiseenko, Alexander"]
[Black "Naroditsky, Daniel"]
[Result "1/2-1/2"]
[WhiteElo "2701"]
[BlackElo "2620"]
[PlyCount "98"]
[EventDate "2014.11.26"]
[EventType "swiss"]
[EventRounds "9"]
[EventCountry "QAT"]
[Source "lmi"]
[SourceDate "2014.11.26"]

1. d4 Nf6 2. c4 e6 3. Nf3 d5 4. Nc3 Bb4 5. cxd5 exd5 6. Bg5 Nbd7 7. e3 h6 8.
Bh4 g5 9. Bg3 Ne4 10. Nd2 Nxg3 11. hxg3 Nb6 12. Qb3 Bf8 13. O-O-O Bg7 14. Bd3
Be6 15. Qc2 c6 16. Nb3 Qc7 17. Kb1 O-O-O 18. Rc1 Kb8 19. Nc5 Nd7 20. N3a4 Nxc5
21. Nxc5 Bc8 22. Bf5 b6 23. Na4 Bb7 24. g4 Qd6 25. a3 Qf6 26. Ka2 Rhe8 27. b4
Re7 28. Nb2 Rc7 29. Nd3 Qd6 30. Qa4 Bc8 31. Rc3 Be6 32. Rhc1 Rdc8 33. Qa6 Qd7
34. a4 Bxf5 35. gxf5 Qxf5 36. b5 Qd7 37. bxc6 Rxc6 38. Qb5 a6 39. Rxc6 axb5 40.
Rxc8+ Qxc8 41. Rxc8+ Kxc8 42. axb5 Kd7 43. Kb3 h5 44. Kc3 f5 45. Kd2 Kd6 46.
Ke2 Bf6 47. g3 Ke6 48. Kf3 Kd6 49. Kg2 Ke6 1/2-1/2

[Event "Qatar Masters Open 2014"]
[Site "Doha QAT"]
[Date "2014.12.01"]
[Round "6.12"]
[White "Cheparinov, Ivan"]
[Black "L'Ami, Erwin"]
[Result "1/2-1/2"]
[WhiteElo "2684"]
[BlackElo "2618"]
[PlyCount "67"]
[EventDate "2014.11.26"]
[EventType "swiss"]
[EventRounds "9"]
[EventCountry "QAT"]
[Source "lmi"]
[SourceDate "2014.11.26"]

1. d4 Nf6 2. c4 e6 3. g3 d5 4. Nf3 Bb4+ 5. Bd2 Bxd2+ 6. Qxd2 O-O 7. Bg2 c6 8.
O-O Nbd7 9. Rc1 b6 10. Ne5 Bb7 11. Nc3 Qb8 12. f4 Rd8 13. e3 c5 14. cxd5 Nxe5
15. fxe5 Nxd5 16. Ne4 cxd4 17. exd4 Ne7 18. Qf2 Bxe4 19. Bxe4 Nd5 20. Rc2 Qb7
21. Rac1 Rac8 22. Bxd5 exd5 23. Qf5 Rxc2 24. Qxc2 Qe7 25. Qc7 Qg5 26. Rc3 Rf8
27. Qd7 Qg6 28. Rc8 Qb1+ 29. Kg2 Qe4+ 30. Kh3 g6 31. Rxf8+ Kxf8 32. Qd8+ Kg7
33. Qf6+ Kg8 34. Qd8+ 1/2-1/2

[Event "Qatar Masters Open 2014"]
[Site "Doha QAT"]
[Date "2014.12.01"]
[Round "6.13"]
[White "Saric, Ivan"]
[Black "Oleksienko, Mikhailo"]
[Result "0-1"]
[WhiteElo "2680"]
[BlackElo "2620"]
[PlyCount "118"]
[EventDate "2014.11.26"]
[EventType "swiss"]
[EventRounds "9"]
[EventCountry "QAT"]
[Source "lmi"]
[SourceDate "2014.11.26"]

1. e4 g6 2. d4 Bg7 3. Nc3 d6 4. f4 Nf6 5. Nf3 O-O 6. Bd3 Nc6 7. e5 dxe5 8. fxe5
Nh5 9. Be3 Bg4 10. Be2 f6 11. exf6 exf6 12. O-O f5 13. Qd2 Qd6 14. Rae1 Rad8
15. Kh1 Kh8 16. d5 f4 17. Bg1 Ne7 18. Nd4 Bxe2 19. Qxe2 Nf5 20. Nxf5 Rxf5 21.
Nb5 Qxd5 22. Rd1 Qg8 23. Bd4 Bxd4 24. Nxd4 Rfd5 25. Nf3 Rxd1 26. Rxd1 Nf6 27.
Rf1 Re8 28. Qd3 Qd5 29. Qc3 Qd6 30. Ng5 Kg7 31. Nh3 Re3 32. Qc4 Re4 33. Qb3 Qd5
34. Qf3 g5 35. Qc3 Re2 36. Qxc7+ Kg6 37. Rg1 f3 38. Qg3 fxg2+ 39. Rxg2 Rxg2 40.
Qxg2 Kf5 41. Nf2 Qxg2+ 42. Kxg2 Ng4 43. Nd1 Kf4 44. Nc3 Ne3+ 45. Kg1 Nxc2 46.
Nb5 a6 47. Nd6 b6 48. a4 Nb4 49. Nc4 Nd5 50. Kf2 a5 51. Ke2 g4 52. Kd3 h5 53.
Kd4 h4 54. Ne5 g3 55. hxg3+ Kxg3 56. Kxd5 h3 57. Kc6 h2 58. Kxb6 h1=Q 59. Nc4
Qe1 0-1

[Event "Qatar Masters Open 2014"]
[Site "Doha QAT"]
[Date "2014.12.01"]
[Round "6.14"]
[White "Edouard, Romain"]
[Black "Lenderman, Aleksandr"]
[Result "0-1"]
[WhiteElo "2659"]
[BlackElo "2598"]
[PlyCount "82"]
[EventDate "2014.11.26"]
[EventType "swiss"]
[EventRounds "9"]
[EventCountry "QAT"]
[Source "lmi"]
[SourceDate "2014.11.26"]

1. Nf3 Nf6 2. c4 b6 3. d4 e6 4. Bf4 Bb7 5. e3 Bb4+ 6. Nbd2 Be7 7. Bd3 Nh5 8.
Bg3 O-O 9. Qc2 h6 10. O-O-O c5 11. Bxb8 Rxb8 12. g4 Nf6 13. Rhg1 Ne8 14. dxc5
bxc5 15. h4 Bxh4 16. Nxh4 Qxh4 17. f4 Qe7 18. g5 h5 19. e4 g6 20. f5 Qd6 21. e5
Qxe5 22. f6 Kh7 23. Rde1 Qf4 24. Ref1 Qd4 25. Nb3 Qe3+ 26. Kb1 Nd6 27. Re1 Qf4
28. Ref1 Qh4 29. Nxc5 Bc6 30. Ka1 Rfe8 31. Rf2 Qd4 32. Nb3 Qe3 33. Rff1 Nf5 34.
Re1 Qf4 35. Ref1 Qd6 36. Rd1 Qb4 37. Qe2 a5 38. Bb1 a4 39. Nc1 Bf3 40. Qh2 Bxd1
41. Rxd1 a3 0-1

[Event "Qatar Masters Open 2014"]
[Site "Doha QAT"]
[Date "2014.12.01"]
[Round "6.15"]
[White "Akopian, Vladimir"]
[Black "Cornette, Matthieu"]
[Result "1/2-1/2"]
[WhiteElo "2657"]
[BlackElo "2566"]
[PlyCount "60"]
[EventDate "2014.11.26"]
[EventType "swiss"]
[EventRounds "9"]
[EventCountry "QAT"]
[Source "lmi"]
[SourceDate "2014.11.26"]

1. e4 c5 2. Nf3 Nc6 3. d4 cxd4 4. Nxd4 e5 5. Nb5 d6 6. N1c3 a6 7. Na3 Be7 8.
Be3 Nf6 9. Nc4 b5 10. Nb6 Rb8 11. Nxc8 Qxc8 12. Bd3 O-O 13. O-O Bd8 14. a3 Bb6
15. Bg5 Bd8 16. Bxf6 Bxf6 17. Nd5 Bd8 18. a4 Ne7 19. Nxe7+ Bxe7 20. axb5 axb5
21. Qe2 Qc5 22. Ra5 Qb4 23. Ra2 Bd8 24. g3 Qc5 25. Ra6 Bc7 26. Rb1 b4 27. Rba1
f5 28. Kh1 d5 29. exd5 Qxd5+ 30. Kg1 Kh8 1/2-1/2

[Event "Qatar Masters Open 2014"]
[Site "Doha QAT"]
[Date "2014.12.01"]
[Round "6.16"]
[White "Swiercz, Dariusz"]
[Black "Mamedov, Rauf"]
[Result "0-1"]
[WhiteElo "2616"]
[BlackElo "2652"]
[PlyCount "98"]
[EventDate "2014.11.26"]
[EventType "swiss"]
[EventRounds "9"]
[EventCountry "QAT"]
[Source "lmi"]
[SourceDate "2014.11.26"]

1. d4 d5 2. c4 c6 3. Nf3 Nf6 4. e3 g6 5. Nc3 Bg7 6. Be2 O-O 7. O-O Qb6 8. b3
Bf5 9. Ba3 Re8 10. Na4 Qa5 11. b4 Qd8 12. Qb3 Nbd7 13. b5 e5 14. dxe5 Nxe5 15.
Nxe5 Rxe5 16. Bb2 Re8 17. cxd5 Qxd5 18. bxc6 bxc6 19. Qxd5 cxd5 20. Rac1 Ne4
21. Bxg7 Kxg7 22. Rfd1 Rac8 23. Ba6 Rxc1 24. Rxc1 Rb8 25. f3 Rb4 26. fxe4 Rxa4
27. exf5 Rxa6 28. fxg6 hxg6 29. Rc5 Rxa2 30. Rxd5 a5 31. Rd6 a4 32. Ra6 g5 33.
h3 f5 34. Kh2 Ra3 35. h4 gxh4 36. Kh3 f4 37. Kxh4 fxe3 38. Kg3 e2+ 39. Kf2 Re3
40. Ke1 a3 41. Rd6 Kf7 42. Rd5 Ke6 43. Rd4 Ke5 44. Rd8 Ke4 45. Rd7 Rb3 46. Re7+
Kd3 47. Rd7+ Kc3 48. Ra7 Kb2 49. Kxe2 a2 0-1

[Event "Qatar Masters Open 2014"]
[Site "Doha QAT"]
[Date "2014.12.01"]
[Round "6.17"]
[White "Efimenko, Zahar"]
[Black "Van Kampen, Robin"]
[Result "1-0"]
[WhiteElo "2644"]
[BlackElo "2612"]
[PlyCount "121"]
[EventDate "2014.11.26"]
[EventType "swiss"]
[EventRounds "9"]
[EventCountry "QAT"]
[Source "lmi"]
[SourceDate "2014.11.26"]

1. e4 c5 2. Nf3 d6 3. d4 cxd4 4. Nxd4 Nf6 5. Nc3 g6 6. Be3 Bg7 7. f3 Nc6 8. Qd2
O-O 9. O-O-O d5 10. exd5 Nxd5 11. Nxc6 bxc6 12. Bd4 Bxd4 13. Qxd4 Qb6 14. Na4
Qc7 15. Bc4 Rd8 16. Nc5 Bf5 17. Bb3 Nf4 18. Qf2 Rxd1+ 19. Rxd1 Rd8 20. Re1 Nd5
21. g3 h5 22. a3 Qb6 23. Qd4 Nf6 24. Qc3 Qc7 25. Qe5 Qxe5 26. Rxe5 Kf8 27. Nb7
Rc8 28. Ra5 Rc7 29. Nc5 Bc8 30. Kd2 e6 31. c4 Ke7 32. Bc2 Nd7 33. Nxd7 Bxd7 34.
b4 Kd6 35. f4 Be8 36. Kc3 f6 37. h4 e5 38. fxe5+ fxe5 39. Be4 Bf7 40. Ra6 Be8
41. a4 Ke7 42. Kd3 Rd7+ 43. Ke3 Rc7 44. b5 Kd6 45. bxc6 Kc5 46. Ra5+ Kxc4 47.
Bd5+ Kb4 48. Rb5+ Kxa4 49. Rb7 Rc8 50. c7 Bd7 51. Ke4 Re8 52. Rb8 Bf5+ 53. Ke3
Rc8 54. Rxc8 Bxc8 55. Ke4 Kb5 56. Kxe5 Kb6 57. Kd6 a5 58. Bc6 Ka7 59. Ke7 Kb6
60. Kd8 Ba6 61. Be8 1-0

[Event "Qatar Masters Open 2014"]
[Site "Doha QAT"]
[Date "2014.12.01"]
[Round "6.18"]
[White "Jobava, Baadur"]
[Black "Hovhannisyan, Robert"]
[Result "1-0"]
[WhiteElo "2722"]
[BlackElo "2591"]
[PlyCount "69"]
[EventDate "2014.11.26"]
[EventType "swiss"]
[EventRounds "9"]
[EventCountry "QAT"]
[Source "lmi"]
[SourceDate "2014.11.26"]

1. e4 e5 2. Nf3 Nc6 3. Bc4 Bc5 4. c3 Nf6 5. b4 Bb6 6. d3 d6 7. Nbd2 O-O 8. O-O
Ne7 9. Bb3 c6 10. Nc4 Bc7 11. Bg5 Ng6 12. g3 h6 13. Bxf6 Qxf6 14. Ne3 Bb6 15.
Kg2 a5 16. a4 axb4 17. cxb4 Bd7 18. a5 Ba7 19. Qe2 Rfe8 20. Rfc1 Nf8 21. b5 Bc5
22. a6 bxa6 23. bxc6 Bxc6 24. Ng4 Qe7 25. Rxc5 dxc5 26. Ngxe5 Kh7 27. Nxf7 g6
28. Qe3 g5 29. h4 Qf6 30. hxg5 Qxa1 31. g6+ Kg8 32. Nxh6+ Kh8 33. Nf5 Ra7 34.
Bf7 Nh7 35. g7+ 1-0

[Event "Qatar Masters Open 2014"]
[Site "Doha QAT"]
[Date "2014.12.01"]
[Round "6.19"]
[White "Bogner, Sebastian"]
[Black "Bu, Xiangzhi"]
[Result "0-1"]
[WhiteElo "2598"]
[BlackElo "2707"]
[PlyCount "77"]
[EventDate "2014.11.26"]
[EventType "swiss"]
[EventRounds "9"]
[EventCountry "QAT"]
[Source "lmi"]
[SourceDate "2014.11.26"]

1. d4 d5 2. c4 c6 3. cxd5 cxd5 4. Bf4 Nc6 5. Nc3 e5 6. Bxe5 Nxe5 7. dxe5 d4 8.
Ne4 Bb4+ 9. Nd2 Ne7 10. Ngf3 O-O 11. a3 Ba5 12. b4 Bb6 13. Nc4 a5 14. e3 dxe3
15. fxe3 axb4 16. axb4 Qxd1+ 17. Rxd1 Ba7 18. Kf2 Be6 19. Nd4 Nd5 20. b5 Nc3
21. Rc1 Bxd4 22. exd4 Nxb5 23. Ke3 Rfd8 24. Bd3 Nxd4 25. Nd6 Nb3 26. Rc3 Ra5
27. Nxb7 Rxe5+ 28. Kf4 Rdd5 29. Rxb3 g5+ 30. Kf3 Rd4 31. Bxh7+ Kxh7 32. Rhb1
Bd5+ 33. Kg3 Rd2 34. R1b2 Ree2 35. Rxd2 Rxd2 36. Rb5 Kg6 37. Kh3 Rd3+ 38. g3
Rd2 39. Nc5 0-1

[Event "Qatar Masters Open 2014"]
[Site "Doha QAT"]
[Date "2014.12.01"]
[Round "6.20"]
[White "Berkes, Ferenc"]
[Black "Zhao, Jun"]
[Result "1/2-1/2"]
[WhiteElo "2669"]
[BlackElo "2578"]
[PlyCount "57"]
[EventDate "2014.11.26"]
[EventType "swiss"]
[EventRounds "9"]
[EventCountry "QAT"]
[Source "lmi"]
[SourceDate "2014.11.26"]

1. d4 Nf6 2. Nf3 e6 3. c4 b6 4. g3 Bb7 5. Bg2 Be7 6. O-O O-O 7. Nc3 Ne4 8. Bd2
Bf6 9. Rc1 Nxd2 10. Qxd2 d6 11. d5 e5 12. h4 a5 13. Bh3 Na6 14. e4 Bc8 15. Bxc8
Qxc8 16. Kg2 Qd7 17. b3 Nc5 18. Qe2 g6 19. h5 Qg4 20. Rh1 Be7 21. Rce1 f5 22.
hxg6 hxg6 23. Nd2 Qxe2 24. Rxe2 Kg7 25. Nb5 Rac8 26. Na7 Ra8 27. Nb5 Rac8 28.
Na7 Rce8 29. Nb5 1/2-1/2

[Event "Qatar Masters Open 2014"]
[Site "Doha QAT"]
[Date "2014.12.01"]
[Round "6.21"]
[White "Guseinov, Gadir"]
[Black "Fedorchuk, Sergey A"]
[Result "1-0"]
[WhiteElo "2592"]
[BlackElo "2664"]
[PlyCount "75"]
[EventDate "2014.11.26"]
[EventType "swiss"]
[EventRounds "9"]
[EventCountry "QAT"]
[Source "lmi"]
[SourceDate "2014.11.26"]

1. e4 c5 2. Nf3 e6 3. Nc3 a6 4. d4 cxd4 5. Nxd4 Qc7 6. Bd3 Nf6 7. O-O d6 8. f4
Nbd7 9. Kh1 b6 10. Qe2 Bb7 11. Bd2 Be7 12. Rae1 Nc5 13. e5 dxe5 14. fxe5 Nfd7
15. Qh5 g6 16. Qh6 Nxd3 17. cxd3 Nc5 18. Qe3 Rd8 19. b4 Qd7 20. Nce2 Na4 21.
Qf2 O-O 22. Bh6 f5 23. Bxf8 Bxf8 24. a3 a5 25. Rb1 axb4 26. axb4 Qd5 27. Nf3
Bh6 28. Qh4 Be3 29. d4 g5 30. Qh6 Rc8 31. Ng3 Qd7 32. Nh5 Qf7 33. Rbe1 Bxf3 34.
Nf6+ Kh8 35. Rxe3 Bb7 36. Rh3 Rc7 37. Nxh7 Qxh7 38. Qf8# 1-0

[Event "Qatar Masters Open 2014"]
[Site "Doha QAT"]
[Date "2014.12.01"]
[Round "6.24"]
[White "Al-Sayed, Mohammed"]
[Black "Vovk, Andrey"]
[Result "0-1"]
[WhiteElo "2507"]
[BlackElo "2640"]
[PlyCount "54"]
[EventDate "2014.11.26"]
[EventType "swiss"]
[EventRounds "9"]
[EventCountry "QAT"]
[Source "lmi"]
[SourceDate "2014.11.26"]

1. Nf3 d6 2. e4 c5 3. Bb5+ Nd7 4. O-O a6 5. Bxd7+ Bxd7 6. d4 cxd4 7. Qxd4 Rc8
8. c4 e5 9. Qd3 b5 10. Na3 Qb6 11. cxb5 axb5 12. Bd2 Be7 13. Rac1 Rd8 14. Bb4
Qb7 15. Ba5 Ra8 16. Rc7 Qb8 17. Nxe5 Rxa5 18. Rfc1 Be6 19. Qc3 Ra6 20. Nd3 Bf6
21. e5 dxe5 22. Nb4 Rd6 23. Qc5 Qd8 24. h3 Ne7 25. Qxb5+ Rd7 26. Rxd7 Bxd7 27.
Qb7 O-O 0-1

[Event "Qatar Masters Open 2014"]
[Site "Doha QAT"]
[Date "2014.12.01"]
[Round "6.27"]
[White "Aravindh, Chithambaram Vr"]
[Black "Salgado Lopez, Ivan"]
[Result "1/2-1/2"]
[WhiteElo "2485"]
[BlackElo "2622"]
[PlyCount "94"]
[EventDate "2014.11.26"]
[EventType "swiss"]
[EventRounds "9"]
[EventCountry "QAT"]
[Source "lmi"]
[SourceDate "2014.11.26"]

1. e4 e5 2. Nf3 Nc6 3. Bb5 a6 4. Ba4 Nf6 5. O-O Be7 6. Re1 b5 7. Bb3 O-O 8. c3
d5 9. d3 dxe4 10. dxe4 Qxd1 11. Bxd1 Rd8 12. Nbd2 Nd7 13. a4 b4 14. Bb3 Na5 15.
Bd5 Rb8 16. Nc4 Nxc4 17. Bxc4 Bb7 18. Bg5 Kf8 19. Bxe7+ Kxe7 20. cxb4 f6 21.
Bf1 Ba8 22. Rec1 Rxb4 23. Rxc7 Bb7 24. Nd2 Rxb2 25. Nc4 Rb4 26. Na5 Bxe4 27.
Bxa6 Ra8 28. Bb5 Rxa5 29. Rxd7+ Ke6 30. Rad1 Bc2 31. R1d6+ Kf5 32. h3 Bxa4 33.
Bxa4 Raxa4 34. Rxg7 Rf4 35. g3 Rf3 36. Kg2 e4 37. g4+ Ke5 38. Rd2 h5 39. gxh5
Raa3 40. h6 Rxh3 41. h7 Rh6 42. Re7+ Kf4 43. Rf7 Rah3 44. Rxf6+ Rxf6 45. Kxh3
Rh6+ 46. Kg2 Rxh7 47. Rd8 Rg7+ 1/2-1/2

[Event "Qatar Masters Open 2014"]
[Site "Doha QAT"]
[Date "2014.12.01"]
[Round "6.28"]
[White "Durarbayli, Vasif"]
[Black "Libiszewski, Fabien"]
[Result "1-0"]
[WhiteElo "2621"]
[BlackElo "2522"]
[PlyCount "55"]
[EventDate "2014.11.26"]
[EventType "swiss"]
[EventRounds "9"]
[EventCountry "QAT"]
[Source "lmi"]
[SourceDate "2014.11.26"]

1. e4 e6 2. d4 d5 3. Nd2 c5 4. Ngf3 cxd4 5. Nxd4 Nc6 6. Bb5 Bd7 7. Nxc6 bxc6 8.
Bd3 Bd6 9. Qe2 Ne7 10. e5 Bc7 11. Nf3 Ng6 12. O-O O-O 13. Ng5 Qe8 14. b3 h6 15.
Nf3 c5 16. Ba3 Bb6 17. Qd2 a5 18. Rfe1 Bc6 19. c3 Qd8 20. Rad1 Re8 21. Bb1 Re7
22. Qe3 d4 23. cxd4 Rd7 24. Bb2 Nh4 25. Nxh4 Qxh4 26. dxc5 Rxd1 27. Rxd1 Bxg2
28. Rd4 1-0

[Event "Qatar Masters Open 2014"]
[Site "Doha QAT"]
[Date "2014.12.01"]
[Round "6.29"]
[White "Abdumalik, Zhansaya"]
[Black "Hamdouchi, Hicham"]
[Result "0-1"]
[WhiteElo "2332"]
[BlackElo "2616"]
[PlyCount "140"]
[EventDate "2014.11.26"]
[EventType "swiss"]
[EventRounds "9"]
[EventCountry "QAT"]
[Source "lmi"]
[SourceDate "2014.11.26"]

1. e4 c5 2. Nf3 d6 3. d4 cxd4 4. Nxd4 Nf6 5. Nc3 Nc6 6. Bg5 Bd7 7. f4 Qb6 8.
Nb3 Ng4 9. Qe2 Nd4 10. Nd5 Nxe2 11. Nxb6 axb6 12. Kxe2 h6 13. Bh4 g5 14. Bg3
Bg7 15. c3 gxf4 16. Bxf4 Ra4 17. Nd2 f5 18. Be3 fxe4 19. Bxb6 O-O 20. Ke1 Be5
21. Be2 Bxh2 22. b3 Ra3 23. Nxe4 Be5 24. Bd4 Bxd4 25. cxd4 Rf4 26. Nc3 Rxd4 27.
Bf3 Ra5 28. Ne2 Re5 29. Rc1 Bb5 30. Rh4 Bxe2 31. Bxe2 Kg7 32. Rc4 Rxc4 33. bxc4
Ne3 34. Kd2 Nf5 35. Rh3 Nd4 36. Bd1 Ne6 37. Ra3 Nc5 38. Bf3 Kf6 39. Ra8 Rg5 40.
Rh8 Rg6 41. Rd8 Ke5 42. Ke3 Rf6 43. Re8 e6 44. Rc8 Rf4 45. Be2 Re4+ 46. Kd2 Rh4
47. Ke3 Rh1 48. Rh8 b6 49. Rb8 Ra1 50. Rxb6 Rxa2 51. Bf3 Ra4 52. Be2 Ra3+ 53.
Kf2 Ne4+ 54. Kg1 Ra2 55. Bf3 Nd2 56. Rb5+ Kf4 57. Be2 Ne4 58. Bd3 Nc5 59. Bf1
Ra1 60. Rb8 Ne4 61. Kh2 Ke3 62. Rb3+ Kd4 63. Rd3+ Kc5 64. Be2 Re1 65. Bf3 Rh1+
66. Kxh1 Nf2+ 67. Kh2 Nxd3 68. Bg4 e5 69. Be6 e4 70. Kg3 e3 0-1